HANDBOOK FOR WRITERS (Record no. 568111)

000 -LEADER
fixed length control field 00297nam a22001217a 4500
082 ## - DEWEY DECIMAL CLASSIFICATION NUMBER
Classification number 808 LEG'P
100 ## - MAIN ENTRY--PERSONAL NAME
Personal name MEAD, C. DAVID,CHARVAT, WILLIAM,MEAD, C. DAVID
9 (RLIN) 57867
245 ## - TITLE STATEMENT
Title HANDBOOK FOR WRITERS
250 ## - EDITION STATEMENT
Edition statement 2ND
260 ## - PUBLICATION, DISTRIBUTION, ETC.
Place of publication, distribution, etc. NEWJERSCY
Name of publisher, distributor, etc. PRENTICE HALL
Date of publication, distribution, etc. 1955
300 ## - PHYSICAL DESCRIPTION
Extent 544P
942 ## - ADDED ENTRY ELEMENTS (KOHA)
Koha item type Book
Holdings
Withdrawn status Lost status Damaged status Not for loan Permanent Location Current Location Shelving location Date acquired Total Checkouts Full call number Barcode Date last seen Price effective from Koha item type
        College of Electrical & Mechanical Engineering (CEME) College of Electrical & Mechanical Engineering (CEME) General Stacks 07/14/2017   808 LEG'P CEME-3692 06/28/2021 06/28/2021 Book
© 2023 Central Library, National University of Sciences and Technology. All Rights Reserved.